000 00484nam a22001817a 4500
003 NUST - PNEC
005 20170116180812.0
008 150504b xxu||||| |||| 00| 0 eng d
020 _a9694022886
040 _cLIBRARY
082 _a363.292 JAM
100 _93421
_aJamy, Hafiz S D
245 _aPolice, Crime and Politics: Memoirs of an IGP
_cHaifiz S D Jamy
260 _aIslamabad:
_bVanguard:
_c1997
300 _a336 p.:
650 _93422
_aCrime
_xGeneral
942 _2ddc
_cBK
999 _c63399
_d63399